[Event "GER-ch Net Amateur Gr-B Vor3"]
[Site "Playchess.com INT"]
[Date "2020.04.16"]
[Round "2"]
[White "May, Alexander"]
[Black "Hammer, Klaus"]
[Result "0-1"]
[WhiteElo "1625"]
[BlackElo "1812"]
[PlyCount "122"]
[EventDate "2020.04.16"]
[EventType "swiss (blitz)"]
[EventRounds "9"]
[EventCountry "GER"]
[SourceTitle "CBM 195 Extra"]
[Source "ChessBase"]
[SourceDate "2020.05.31"]
[SourceVersion "1"]
[SourceVersionDate "2020.05.31"]
[SourceQuality "1"]

1. d4 d5 2. Nf3 Nf6 3. e3 c5 4. b3 Nc6 5. Bd3 Bg4 6. Bb2 e6 7. Nbd2 Be7 8. c4 cxd4 9. exd4 0-0 10. 0-0 Rc8 11. h3 Bh5 12. Rc1 Qc7 13. Bb1 Bb4 14. Qc2 Rfd8 15. a3 Bxd2 16. Nxd2 Bg6 17. Qc3 Bxb1 18. Rxb1 dxc4 19. Nxc4 Nd5 20. Qd3 Nf4 21. Qe3 Ne7 22. Ne5 Ned5 23. Qe4 Qc2 24. Qxc2 Rxc2 25. Ba1 f6 26. g3 Ne2+ 27. Kg2 fxe5 28. dxe5 Ndc3 29. Bxc3 Nxc3 30. Rbc1 Rdd2 31. Rfe1 b5 32. Rxc2 Rxc2 33. Re3 Nd5 34. Rd3 Rc3 35. Rd4 Rxb3 36. a4 Rb4 37. Rd1 Rxa4 38. Rc1 b4 39. Rc8+ Kf7 40. Rb8 Ra3 41. Kf1 b3 42. Ke2 a5 43. Kd3 a4 44. Kc4 Ra2 45. f4 b2 46. Kd3 a3 47. Kc2 Ra1 48. Rb3 Ne3+ 49. Rxe3 b1Q+ 50. Kd2 Qc1+ 51. Ke2 Ra2+ 52. Kf3 Qd1+ 53. Ke4 Re2 54. Rxe2 Qxe2+ 55. Kd4 a2 56. Kc5 a1Q 57. f5 Qad1 58. fxe6+ Kxe6 59. g4 Qec2+ 60. Kb6 Qdb1+ 61. Ka7 Qca2# 0-1

[Event "GER-ch Net Amateur Gr-B Vor3"]
[Site "Playchess.com INT"]
[Date "2020.04.16"]
[Round "5"]
[White "May, Alexander"]
[Black "Kempe, Caius Emilian"]
[Result "1/2-1/2"]
[WhiteElo "1619"]
[BlackElo "1486"]
[PlyCount "114"]
[EventDate "2020.04.16"]
[EventType "swiss (blitz)"]
[EventRounds "9"]
[EventCountry "GER"]
[SourceTitle "CBM 195 Extra"]
[Source "ChessBase"]
[SourceDate "2020.05.31"]
[SourceVersion "1"]
[SourceVersionDate "2020.05.31"]
[SourceQuality "1"]

1. d4 d5 2. Nf3 Nf6 3. e3 Bg4 4. Nbd2 e6 5. b3 Nbd7 6. Bb2 Bb4 7. Bd3 0-0 8. 0-0 c5 9. c4 cxd4 10. exd4 dxc4 11. bxc4 Rc8 12. Rc1 Qe7 13. a3 Ba5 14. Qb3 Nb8 15. d5 exd5 16. cxd5 Rfd8 17. Nc4 Bc7 18. Nce5 Nxd5 19. Rfd1 Bxe5 20. Bxh7+ Kxh7 21. Rxd5 Rxc1+ 22. Bxc1 Rxd5 23. Qxd5 Bxf3 24. Qxf3 Nc6 25. g3 Kg8 26. Be3 Qxa3 27. Qf5 Qf8 28. Qd7 Qb8 29. Qd5 Bf6 30. Qf5 Ne7 31. Qd7 a5 32. Bf4 Qc8 33. Qb5 Nc6 34. Bd2 Qc7 35. Bf4 Be5 36. Be3 Bd6 37. Bb6 Qb8 38. Bxa5 Nxa5 39. Qxa5 b5 40. Qc3 b4 41. Qb3 Qc8 42. Qd5 Bf8 43. Kg2 Qc3 44. Kf1 b3 45. Ke2 Qc2+ 46. Ke3 b2 47. Kf3 b1Q 48. Qg5 Qf5+ 49. Qxf5 Qxf5+ 50. Kg2 g5 51. h4 g4 52. Kh1 Qf3+ 53. Kg1 Bc5 54. h5 Bxf2+ 55. Kf1 Be3+ 56. Ke1 Qf2+ 57. Kd1 Bh6 1/2-1/2

[Event "GER-ch Net Amateur Gr-B Vor2"]
[Site "Playchess.com INT"]
[Date "2020.04.15"]
[Round "4"]
[White "May, Alexander"]
[Black "Schuster, Christian"]
[Result "1-0"]
[WhiteElo "1531"]
[BlackElo "1643"]
[PlyCount "161"]
[EventDate "2020.04.15"]
[EventType "swiss (blitz)"]
[EventRounds "9"]
[EventCountry "GER"]
[SourceTitle "CBM 196 Extra"]
[Source "ChessBase"]
[SourceDate "2020.07.31"]
[SourceVersion "1"]
[SourceVersionDate "2020.07.31"]
[SourceQuality "1"]

1. d4 d5 2. Nf3 Nf6 3. e3 e6 4. Bd3 b6 5. Nbd2 Bb7 6. b3 Nbd7 7. Bb2 c5 8. 0-0 Bd6 9. c4 dxc4 10. Nxc4 Bc7 11. Nfe5 Nxe5 12. dxe5 Nd5 13. f4 0-0 14. Qe2 Nb4 15. Bb1 Qe7 16. Rd1 Rfd8 17. Qh5 Rxd1+ 18. Qxd1 Rd8 19. Qh5 g6 20. Qg4 h5 21. Qg3 b5 22. Na3 a6 23. e4 Rd2 24. Qc3 Rd1+ 25. Kf2 Ba5 26. Qf3 Rd2+ 27. Kg1 Rxb2 28. Qc3 Re2 29. f5 exf5 30. exf5 Qxe5 31. Qxe5 Rxe5 32. fxg6 fxg6 33. Bxg6 Kg7 34. Bd3 Nxd3 35. Rd1 Re4 36. Rxd3 Re5 37. Rd7+ Kf6 38. Rxb7 Bb4 39. Nc2 Re2 40. Nxb4 cxb4 41. Rb6+ Kf5 42. Rxa6 Rb2 43. h3 Ke4 44. Kh2 h4 45. Kg1 Ke3 46. Re6+ Kf4 47. Rf6+ Kg3 48. Rg6+ Kf4 49. Rf6+ Ke5 50. Ra6 Ke4 51. Re6+ Kd5 52. Ra6 Kd4 53. Ra5 Kc5 54. Ra6 Rc2 55. Ra8 Kd4 56. Rd8+ Kc3 57. Rc8+ Kb2 58. Ra8 Ka1 59. Ra5 Rxa2 60. Rxb5 Kb2 61. Rxb4 Kc3 62. Rxh4 Kxb3 63. Kh2 Kc3 64. Kg3 Kd3 65. Rf4 Ra4 66. Rxa4 Ke3 67. Ra8 Ke4 68. Re8+ Kf5 69. Rf8+ Kg5 70. h4+ Kh5 71. Kf4 Kg6 72. h5+ Kg7 73. Rf5 Kh6 74. Rf6+ Kxh5 75. Kf5 Kh4 76. Rg6 Kh5 77. Rg8 Kh6 78. Rg3 Kh7 79. Kf6 Kh8 80. Kf7 Kh7 81. Rh3# 1-0

[Event "GER-ch Net Amateur Gr-B Vor1"]
[Site "Playchess.com INT"]
[Date "2020.04.14"]
[Round "3"]
[White "May, Alexander"]
[Black "Popp, Michael"]
[Result "0-1"]
[WhiteElo "1443"]
[BlackElo "1634"]
[PlyCount "120"]
[EventDate "2020.04.14"]
[EventType "swiss (blitz)"]
[EventRounds "9"]
[EventCountry "GER"]
[SourceTitle "EXT 2021"]
[Source "ChessBase"]
[SourceDate "2020.10.23"]
[SourceVersion "1"]
[SourceVersionDate "2020.10.23"]
[SourceQuality "1"]

1. d4 Nf6 2. Nf3 g6 3. e3 Bg7 4. Nbd2 0-0 5. b3 d6 6. Bb2 Nbd7 7. Bd3 Re8 8. 0-0 e5 9. dxe5 dxe5 10. Ne4 b6 11. Qe2 Bb7 12. Nxf6+ Bxf6 13. Bb5 c6 14. Bc4 b5 15. Bxf7+ Kxf7 16. Rad1 Qc7 17. Rd2 e4 18. Bxf6 exf3 19. Qxf3 Nxf6 20. Rfd1 Re7 21. Rd6 Kg8 22. Qxf6 Rf7 23. Qe6 Raf8 24. Rd7 Bc8 25. Qxf7+ Rxf7 26. Rxc7 Rxc7 27. Kh1 Kg7 28. Kg1 Bf5 29. c3 Kf7 30. Kf1 Ke7 31. Ke2 a5 32. f3 Be6 33. a3 Bxb3 34. Rb1 Bc4+ 35. Kd2 Rd7+ 36. Ke1 Rd3 37. e4 Rxc3 38. Kd2 Rxa3 39. Kc2 Bd3+ 40. Kb2 Bxb1 41. Kxa3 c5 42. Kb2 Bd3 43. g3 Be2 44. f4 Bd3 45. e5 Ke6 46. h3 h5 47. g4 hxg4 48. hxg4 Be2 49. f5+ gxf5 50. g5 Bh5 51. Kc3 Kxe5 52. Kb3 f4 53. Kc2 f3 54. Kd2 a4 55. Kc3 f2 56. Kb2 f1Q 57. g6 Bxg6 58. Ka3 Qd3+ 59. Ka2 Qb3+ 60. Ka1 Qb1# 0-1

[Event "Goch op 24th"]
[Site "Goch"]
[Date "2013.09.08"]
[Round "6"]
[White "Montforts, Ton"]
[Black "May, Alexander"]
[Result "1-0"]
[WhiteElo "1687"]
[BlackElo "1791"]
[PlyCount "93"]
[EventDate "2013.09.05"]
[EventType "swiss"]
[EventRounds "7"]
[EventCountry "GER"]
[SourceTitle "EXT 2015"]
[Source "ChessBase"]
[SourceDate "2014.11.20"]
[SourceVersion "1"]
[SourceVersionDate "2014.11.20"]
[SourceQuality "1"]

1. d4 Nf6 2. Nf3 d5 3. e3 g6 4. c4 c6 5. Be2 Bg7 6. 0-0 0-0 7. Nbd2 Nbd7 8. b3 Qc7 9. Ba3 Re8 10. Bb2 dxc4 11. Nxc4 b6 12. Rc1 Bb7 13. Nce5 Rac8 14. Nxf7 Kxf7 15. Ng5+ Kg8 16. Bc4+ e6 17. Nxe6 Rxe6 18. Bxe6+ Kh8 19. Re1 Qd6 20. Bc4 Re8 21. Bd3 c5 22. dxc5 Qc6 23. Bf1 bxc5 24. h3 Ne5 25. b4 c4 26. Bxe5 Rxe5 27. Rxc4 Qe6 28. Rc2 Rg5 29. Kh2 Nd5 30. e4 Be5+ 31. g3 Nf6 32. Bg2 Rh5 33. Rce2 Bxe4 34. Rxe4 Nxe4 35. Rxe4 Qxa2 36. Qd8+ Qg8 37. Qe7 Bg7 38. Qxa7 h6 39. Qe3 Rf5 40. Re7 Rf8 41. b5 Rf7 42. Re6 Kh7 43. b6 Rxf2 44. b7 Rf8 45. Ra6 Qc4 46. Ra8 Qc7 47. Qe6 1-0

[Event "Goch op 23rd"]
[Site "Goch"]
[Date "2012.09.01"]
[Round "4"]
[White "Haertwig, Sven"]
[Black "May, Alexander"]
[Result "1-0"]
[WhiteElo "1424"]
[BlackElo "1448"]
[PlyCount "51"]
[EventDate "2012.08.30"]
[EventType "swiss"]
[EventRounds "7"]
[EventCountry "GER"]
[SourceTitle "EXT 2015"]
[Source "ChessBase"]
[SourceDate "2014.11.20"]
[SourceVersion "1"]
[SourceVersionDate "2014.11.20"]
[SourceQuality "1"]

1. e4 c6 2. Nf3 d5 3. exd5 cxd5 4. Ne5 Nf6 5. d4 Nc6 6. Bb5 Qb6 7. Nc3 a6 8. Ba4 Bd7 9. Nxd7 Kxd7 10. 0-0 e6 11. Ne2 Qc7 12. Bf4 Bd6 13. Bxd6 Qxd6 14. c3 b5 15. Bc2 Rhc8 16. Ng3 g6 17. f4 Na5 18. f5 exf5 19. Nxf5 Qb6 20. Ne3 Ra7 21. Qf3 Rc6 22. Nxd5 Nxd5 23. Qxd5+ Rd6 24. Rxf7+ Ke8 25. Re1+ Kd8 26. Rf8+ 1-0